000 00634nam a2200265Ia 4500
005 20260306164040.0
008 008 260114s9999 xx 000 0 eng d
020 _a9780226826196
037 _aEBOOK
040 _aCRL
040 _beng
040 _cCRL
041 _2eng
041 _aeng
084 _qCRL
100 _aSmith
245 0 _aFragments Of A World: William Of Auvergne And His Medieval Life
260 _bUniversity of Chicago Press
260 _c2024
650 _aPhilosophy
856 _uhttps://academic.oup.com/book/55470
942 _cEBOOK
999 _c1712544
_d1712544